接接在日本

資料類型: Book 圖書   書目號:42893

Leader xxxxxxxxxx
001 __ PCLIS00042893
005 __ 20220912132354.0
010 0_ |a978-986-12-0175-7|b平裝|dNT$280
100 __ |a20101028d2010    m  y0chiy09      e
101 0_ |achi
102 __ |atw
105 __ |aa   t   000cy
200 1_ |a接接在日本|f接接(JaeJae)圖.文
205 __ |a初版
210 __ |a臺北市|c商周出版|c家庭傳媒城邦分公司發行|d2010[民99]
215 0_ |a201面|c彩圖|d22公分
225 1_ |aColorful|v27
300 __ |a封面及書背副題名: 台灣、日本大不同!
300 __ |a本館最新館藏為2016年25刷
517 _1 |a台灣、日本大不同!|zchi
517 _1 |a台灣.日本大不同!|zchi
681 __ |a855|b844
681 __ |a855|b844 v.1
700 _0 |a接接|c(Jae Jae)|4圖.文
801 _0 |atw|b內湖高中|c20101028|gCCR
801 _1 |atw|b內湖高中|c20161124|gCCR
801 _2 |atw|b內湖高中|c20220912|gCCR
  
  
詳細館藏 1-2 筆 (共 2 筆)
索 書 號登 錄 號冊次號館別 / 館藏地流通類型狀態加入預約清單電子資源
855 / 844 1018460  圖書館 / 一樓普通區 可外借30天 在館   
855 / 844 1024098  圖書館 / 一樓普通區 可外借30天 在館   

| 條列資料




目錄查詢 分類查詢 個人資料 圖書薦購 新書查詢 閉館日 排行榜 更多電子資源 Hami書城 線上資料庫 登出

From : 216.73.216.116

  本日流通累計至 09:40:10 借閱 : 2 次 續借 : 0 次 歸還 : 2 次 預約 : 0 次 電子資源 : 0 次


內湖高中圖書館  PCLIS 版本  25.5.0.2